[Event "Itzehoe op"]
[Site "Itzehoe"]
[Date "2022.10.03"]
[Round "5"]
[White "Khachatryan, Taron"]
[Black "Vogt, Luna"]
[Result "1-0"]
[WhiteElo "2037"]
[BlackElo "1345"]
[PlyCount "55"]
[EventDate "2022.10.01"]
[EventType "swiss"]
[EventRounds "5"]
[EventCountry "GER"]
[SourceTitle "CBM 210 Extra"]
[Source "ChessBase"]
[SourceDate "2022.11.30"]
[SourceVersion "1"]
[SourceVersionDate "2022.11.30"]
[SourceQuality "1"]

1. e4 e5 2. Nf3 Nc6 3. Bb5 Nd4 4. Nxd4 exd4 5. 0-0 Bc5 6. d3 Ne7 7. f4 c6 8. Ba4 d5 9. Kh1 f5 10. e5 Be6 11. Nd2 Qd7 12. Nf3 0-0-0 13. Bd2 Rdg8 14. Be1 h6 15. Qd2 g5 16. fxg5 hxg5 17. Nxg5 Ng6 18. Nh3 Nxe5 19. Bg3 Bd6 20. Kg1 Ng4 21. Bxd6 Qxd6 22. Qf4 Qb4 23. Rae1 Qxa4 24. Rxe6 Qxc2 25. Re7 Ne5 26. Ng5 Nd7 27. Qd6 Rd8 28. Ne6 1-0

[Event "GER-ch U12 Girls"]
[Site "Willingen"]
[Date "2021.08.23"]
[Round "2"]
[White "Halas, Neele Zoe"]
[Black "Vogt, Luna"]
[Result "1-0"]
[WhiteElo "1494"]
[BlackElo "1147"]
[PlyCount "65"]
[EventDate "2021.08.22"]
[EventType "swiss"]
[EventRounds "9"]
[EventCountry "GER"]
[SourceTitle "EXT 2022"]
[Source "ChessBase"]
[SourceDate "2021.10.06"]
[SourceVersion "1"]
[SourceVersionDate "2021.10.06"]
[SourceQuality "1"]

1. e4 e5 2. Nf3 Nc6 3. d4 exd4 4. Nxd4 Bc5 5. Be3 Qf6 6. c3 Nge7 7. Bc4 Ne5 8. Be2 Qg6 9. Bf3 Nxf3+ 10. Qxf3 0-0 11. 0-0 d6 12. Nd2 f5 13. Kh1 Rb8 14. Nb5 fxe4 15. Qxe4 Qxe4 16. Nxe4 Bxe3 17. fxe3 Bf5 18. Ng3 a6 19. Nxc7 Bg4 20. e4 Rfc8 21. Nd5 Nxd5 22. exd5 Rc5 23. Rf4 h5 24. c4 b5 25. b3 bxc4 26. bxc4 Rb4 27. Rc1 Rb2 28. h3 Bd7 29. Ne4 Rc7 30. Nxd6 Rd2 31. Kg1 Bc6 32. Ne4 Rd4 33. Nf6+ 1-0